Effectif Liverpool saison 25/26 - Statistiques

Statistiques générales
  • Ce quiz a été pris 327 fois
  • Le résultat moyen est 18 sur 27
Statistiques - réponses
Hint Réponse % Correct
G Alisson
99%
AD Mohamed Salah
95%
DC Virgil van Dijk
94%
DC Ibrahima Konaté
93%
BU Alexander Isak
91%
BU Hugo Ekitiké
91%
DG Andrew Robertson
86%
MC Alexis Mac Allister
85%
MDC Ryan Gravenberch
85%
AG Cody Gakpo
83%
MOC Florian Wirtz
83%
DD Jeremie Frimpong
83%
DG Milos Kerkez
83%
MOC Dominik Szoboszlai
75%
DC Joe Gomez
75%
G Giorgi Mamardashvili
71%
DD Conor Bradley
68%
AD Federico Chiesa
66%
MC Curtis Jones
65%
MDC Wataru Endo
60%
AG Rio Ngumoha
55%
DC Giovanni Leoni
43%
MC Trey Nyoni
26%
G Freddie Woodman
23%
MDC Stefan Bajcetic
20%
DC Rhys Williams
16%
DD Calvin Ramsay
15%
Aucun quiz correspondant
Distribution des résultats
% des personnes avec chaque résultat
Percentile par nombre de réponses
Votre historique - résultats
Vous n’avez pas pris ce quiz